Информационно-библиотечное обеспечение российской науки (на примере централизованной библиотечной системы Библиотеки по естественным наукам Российской академии наук); Библиотечное дело - XXI век; № 2

書目詳細資料
Parent link:Библиотечное дело - XXI век: приложение к журналу "Библиотековедение".— , 2002-
№ 2.— 2004.— С. 142-162
主要作者: Алексеев Н. Г. Николай Григорьевич
其他作者: Бичерова Н. С. Наталья Сергеевна, Высоцкая З. Г. Зинаида Григорьевна
語言:俄语
出版: 2004
叢編:Теория и практика: точки пересечения. Обзорно-аналитические материалы
主題:
格式: Book Chapter
KOHA link:https://koha.lib.tpu.ru/cgi-bin/koha/opac-detail.pl?biblionumber=397358

MARC

LEADER 00000naa2a2200000 4500
001 397358
005 20231101064857.0
035 |a (RuTPU)RU\TPU\prd\36201 
035 |a RU\TPU\prd\36200 
090 |a 397358 
100 |a 20050527a2004 k y0rusy50 ca 
101 0 |a rus 
102 |a RU 
200 1 |a Информационно-библиотечное обеспечение российской науки (на примере централизованной библиотечной системы Библиотеки по естественным наукам Российской академии наук)  |f Н. Г. Алексеев, Н. С. Бичерова, З. Г. Высоцкая 
225 1 |a Теория и практика: точки пересечения. Обзорно-аналитические материалы  |i Библиотечные сети 
320 |a Библиогр.: 32 назв. 
461 0 |0 (RuTPU)RU\TPU\prd\7961  |t Библиотечное дело - XXI век  |o приложение к журналу "Библиотековедение"  |o научно-практический сборник  |d 2002- 
463 0 |0 (RuTPU)RU\TPU\prd\36071  |t № 2  |v С. 142-162  |d 2004 
610 1 |a информационно-библиотечное обеспечение 
610 1 |a российская наука 
610 1 |a централизованная библиотечная система 
610 1 |a Библиотека по естественным наукам 
610 1 |a Российская академия наук 
610 1 |a библиотечные сети 
700 1 |a Алексеев  |b Н. Г.  |g Николай Григорьевич 
701 1 |a Бичерова  |b Н. С.  |g Наталья Сергеевна 
701 1 |a Высоцкая  |b З. Г.  |g Зинаида Григорьевна 
801 1 |a RU  |b 63413507  |c 20050527  |g PSBO 
801 2 |a RU  |b 63413507  |c 20060619  |g PSBO 
942 |c BK